000 00969nam a22001937a 4500
003 BR-ViAPE
005 20260422114642.0
008 260422s1903 por gs||||s000 0 por d
040 _cBR-ViAPE
110 _aEspírito Santo
_bEstado
245 _aMensagem apresentada ao Congresso Legislativo na abertura da terceira sessão da quarta legislatura pelo Presidente do Estado Dr. José de Mello Carvalho Moniz Freire em 22 de setembro de 1903
260 _aVitória
_bPapelaria e Typographia Nelson Costa e Comp.
_c1903
300 _a29 p.
_bDocumento digitalizado (PDF)
500 _aDocumento digitalizado do acervo institucional do Arquivo Público do Estado do Espírito Santo - APEES.
650 _aAdministração pública
_zEspírito Santo
651 _aEspírito Santo
_xAdministração pública
856 _uhttps://ape.es.gov.br/Media/ape/PDF/Mensagens/Mensagem-2024/Mensagem%20-%20ano%201903.pdf
_yCLIQUE AQUI PARA ACESSAR O DOCUMENTO
942 _2ddc
_cMSGREL
_n1
999 _c538
_d538